<?xml version="1.0" encoding="UTF-8"?>
<record
    xmlns:xsi="http://www.w3.org/2001/XMLSchema-instance"
    xsi:schemaLocation="http://www.loc.gov/MARC21/slim http://www.loc.gov/standards/marcxml/schema/MARC21slim.xsd"
    xmlns="http://www.loc.gov/MARC21/slim">

  <leader>00715nam a22001937a 4500</leader>
  <datafield tag="999" ind1=" " ind2=" ">
    <subfield code="c">176310</subfield>
    <subfield code="d">176310</subfield>
  </datafield>
  <controlfield tag="005">20201230151231.0</controlfield>
  <datafield tag="010" ind1=" " ind2=" ">
    <subfield code="a">UR-10963</subfield>
  </datafield>
  <datafield tag="020" ind1=" " ind2=" ">
    <subfield code="c">100.00</subfield>
    <subfield code="a">9789390100101</subfield>
  </datafield>
  <datafield tag="035" ind1=" " ind2=" ">
    <subfield code="a">U-9518</subfield>
  </datafield>
  <datafield tag="037" ind1=" " ind2=" ">
    <subfield code="b">DBAD/PUB</subfield>
  </datafield>
  <datafield tag="082" ind1=" " ind2=" ">
    <subfield code="a">808.882</subfield>
  </datafield>
  <datafield tag="100" ind1=" " ind2=" ">
    <subfield code="a">&#x645;&#x646;&#x627; &#x638;&#x631; &#x639;&#x627; &#x634;&#x642; &#x6C1;&#x631; &#x6AF;&#x627; &#x646;&#x648; &#x6CC; </subfield>
  </datafield>
  <datafield tag="245" ind1=" " ind2=" ">
    <subfield code="a">&#x6A9;&#x631; &#x648; &#x646;&#x627; &#x648; &#x627;  &#x64A;&#x631; &#x633; : &#x644;&#x637;&#x64A;&#x641;&#x6D2; </subfield>
    <subfield code="c">&#x645;&#x646;&#x627; &#x638;&#x631; &#x639;&#x627; &#x634;&#x642; &#x6C1;&#x631; &#x6AF;&#x627; &#x646;&#x648; &#x6CC;</subfield>
  </datafield>
  <datafield tag="246" ind1=" " ind2=" ">
    <subfield code="b">Corona Virus:Latife (Urdu)</subfield>
    <subfield code="a">by Manazir Ashiqu Harganvi </subfield>
  </datafield>
  <datafield tag="260" ind1=" " ind2=" ">
    <subfield code="a">N.Delhi </subfield>
    <subfield code="b">Educational Publishing House</subfield>
    <subfield code="c">2020&#x621;</subfield>
  </datafield>
  <datafield tag="270" ind1=" " ind2=" ">
    <subfield code="a">H.O.D1/16,Ansari Road,Darya ganj,</subfield>
    <subfield code="b">N.Delhi</subfield>
    <subfield code="e">110002</subfield>
    <subfield code="k">45678285,23216162</subfield>
    <subfield code="l">0091-11-23211540</subfield>
  </datafield>
  <datafield tag="300" ind1=" " ind2=" ">
    <subfield code="a">80 &#x635; </subfield>
    <subfield code="c">22 Cm(Hb)</subfield>
  </datafield>
  <datafield tag="942" ind1=" " ind2=" ">
    <subfield code="2">ddc</subfield>
    <subfield code="c">UR</subfield>
    <subfield code="h">808.882</subfield>
    <subfield code="m">&#x645; &#x646; &#x627; </subfield>
  </datafield>
  <datafield tag="952" ind1=" " ind2=" ">
    <subfield code="0">0</subfield>
    <subfield code="1">0</subfield>
    <subfield code="4">0</subfield>
    <subfield code="7">0</subfield>
    <subfield code="8">NFIC</subfield>
    <subfield code="a">DBAD</subfield>
    <subfield code="b">DBAD</subfield>
    <subfield code="d">2020-12-14</subfield>
    <subfield code="e">DBAD/PUB</subfield>
    <subfield code="g">100.00</subfield>
    <subfield code="l">0</subfield>
    <subfield code="o">808.882 &#x645; &#x646; &#x627;</subfield>
    <subfield code="p">U-9518</subfield>
    <subfield code="r">2020-12-14 00:00:00</subfield>
    <subfield code="t">1</subfield>
    <subfield code="v">100.00</subfield>
    <subfield code="w">2020-12-14</subfield>
    <subfield code="y">UR</subfield>
  </datafield>
</record>
